Nombres del Logo - Estadísticas

Estadísticas generales
  • Esta prueba ha sido intentada 60 veces
  • La puntuación promedio es 9 de 28
Estadísticas de respuestas
Imagen Respuesta % Correcto
Real Madrid
100%
Mercadona
96%
Correos
86%
Mahou
86%
El Corte Inglés
84%
Guardia Civil
76%
Endesa
53%
Imagin
43%
Covirán
41%
El Ganso
37%
Tio Pepe
37%
Balay
35%
Tecnocasa
35%
Matutano
24%
Carhartt
22%
Silbon
22%
Worten
16%
Cervezas Alhambra
14%
Hummel
14%
Scuffers
8%
Obey
6%
Corteiz
2%
Iqos
2%
Marlons
2%
Belvedere
0%
Cosentino
0%
Las Rozas Village
0%
Music On
0%
No se encontraron pruebas coincidentes
Distribución de puntuación
Porcentaje de gente con cada puntuación
Porcentaje por número respondido
Historial de tus puntuaciones
No has intentado esta prueba.